| 000 | 02344nam a22002657a 4500 | ||
|---|---|---|---|
| 005 | 20150910125027.0 | ||
| 010 | _aENG-113475 | ||
| 020 |
_c655.00 _a10007106662 |
||
| 020 |
_c655.00 _a9780071076661 |
||
| 035 | _aEN-97007 | ||
| 037 | _bDBAD/PUB | ||
| 082 | _a005.8 | ||
| 245 |
_aSecurity information and event management (SIEM) implementation / _cby David R. Miller...[et al] |
||
| 260 |
_a New Delhi _bTata McGraw Hill _c2011 |
||
| 270 |
_a7, West Patel Nagar _bNew Delhi _e110008 |
||
| 300 |
_axxxiv,430p.: _c24cm(pbk) _bill. |
||
| 500 | _aIncludes index | ||
| 505 | _a Machine generated contents note: Part I: Introduction to Threat Intelligence For IT Systems -- Chapter 1 Business Models -- Chapter 2 Threat Models -- Chapter 3 Compliance -- Part II: IT Threat Intelligence Using SIEM Systems -- Chapter 4 SIEM Concepts - Components for small and medium size businesses -- Chapter 5 The Anatomy of a SIEM -- Chapter 6 Incident Response -- Chapter 7 Using SIEM for Business Intelligence -- Part III: SIEM Tools -- Chapter 8 AlienVault OSSIM Implementation -- Chapter 9 AlienVault OSSIM Operation -- Chapter 10 Cisco Security-MARS Implementation -- Chapter 11 Cisco Security-MARS Advanced Techniques -- Chapter 12 Q1 Labs QRadar Implementation -- Chapter 13 Q1 Labs QRadar Advanced Techniques -- Chapter 14 ArcSight Implementation -- Chapter 15 ArcSight ESM Advanced Techniques -- Appendix SmartBook. | ||
| 520 | _a "Effectively manage the security information and events produced by your network with help from this authoritative guide. Written by IT security experts, Security Information and Event Management (SIEM) Implementation shows you how to deploy SIEM technologies to monitor, identify, document, and respond to security threats and reduce false-positive alerts. The book explains how to implement SIEM products from different vendors, and discusses the strengths, weaknesses, and advanced tuning of these systems. You’ll also learn how to use SIEM capabilities for business intelligence. Real-world case studies are included in this comprehensive resource"-- |c Provided by publisher. | ||
| 650 |
_aComputer networks _xSecurity measures. |
||
| 650 |
_aComputers _xAccess control. |
||
| 650 | _a Application logging (Computer science) | ||
| 700 | _a Miller, David | ||
| 942 |
_2ddc _cEN _mSEC _h005.8 |
||
| 999 |
_c94920 _d94920 |
||